[Event "Manitoba op"]
[Site "Winnipeg CAN"]
[Date "2000.05.22"]
[Round "5"]
[White "Gentes, Kevin"]
[Black "Lipnowski, Irwin"]
[Result "1-0"]
[WhiteElo "2330"]
[BlackElo "2361"]
[PlyCount "79"]
[GameId "2160767911711823"]
[EventDate "2000.05.20"]
[EventType "swiss"]
[EventRounds "6"]
[EventCountry "CAN"]
[SourceTitle "EXT 2005"]
[Source "ChessBase"]
[SourceDate "2004.11.15"]
[SourceVersion "1"]
[SourceVersionDate "2004.11.15"]
[SourceQuality "1"]

1. d4 Nf6 2. c4 c5 3. Nf3 e6 4. g3 cxd4 5. Nxd4 a6 6. Bg2 Qc7 7. Nd2 Be7 8. O-O O-O 9. b3 d6 10. Bb2 Nbd7 11. h3 Ne5 12. Rc1 Bd7 13. f4 Nc6 14. e3 Nb4 15. Ba3 Qb6 16. c5 dxc5 17. Nc4 Qa7 18. Bxb4 cxb4 19. Na5 Rab8 20. Qe2 Bc5 21. Rfd1 Nd5 22. Bxd5 exd5 23. Qh5 Be6 24. f5 g6 25. Qh6 Bxd4 26. Rxd4 Bxf5 27. Rh4 g5 28. Qxg5+ Bg6 29. Rd4 Rfe8 30. Kf2 Qb6 31. Qxd5 Rbd8 32. Nc4 Qf6+ 33. Qf3 Qe6 34. Rxd8 Rxd8 35. Qxb7 Qxh3 36. Qf3 Qe6 37. Rd1 Re8 38. g4 Be4 39. Qf4 Bd5 40. Qg5+ 1-0

[Event "Manitoba op"]
[Site "Winnipeg CAN"]
[Date "2000.05.22"]
[Round "5"]
[White "Gibson, Kris"]
[Black "Federkevic, Danny"]
[Result "0-1"]
[WhiteElo "1816"]
[BlackElo "2002"]
[PlyCount "77"]
[GameId "2160767911711824"]
[EventDate "2000.05.20"]
[EventType "swiss"]
[EventRounds "6"]
[EventCountry "CAN"]

1. e4 e5 2. Nf3 Nc6 3. Bb5 a6 4. Bxc6 dxc6 5. O-O Bd6 6. d4 f6 7. dxe5 fxe5 8. Bg5 Nf6 9. Nbd2 b5 10. c4 Qe7 11. Rc1 h6 12. Bxf6 Qxf6 13. c5 Be7 14. Qb3 Be6 15. Qc3 O-O-O 16. Qa3 Kb7 17. Nb3 Bxb3 18. Qxb3 Qf4 19. g3 Qxe4 20. Rfe1 Qd5 21. Nxe5 Rde8 22. Qxd5 cxd5 23. c6+ Kc8 24. Ng6 Bb4 25. Rxe8+ Rxe8 26. Rd1 Re6 27. Nf4 Rxc6 28. Nxd5 Rd6 29. Ne7+ Kd7 30. Rxd6+ Bxd6 31. Nf5 Be5 32. b3 Ke6 33. Ne3 Bd4 34. Kg2 Bxe3 35. fxe3 c5 36. Kf3 Ke5 37. Ke2 Ke4 38. Kd2 h5 39. a3 0-1

[Event "Manitoba op"]
[Site "Winnipeg CAN"]
[Date "2000.05.22"]
[Round "5"]
[White "Kaptsan, Aron"]
[Black "Gibbons, Michael"]
[Result "0-1"]
[WhiteElo "2090"]
[BlackElo "2096"]
[PlyCount "141"]
[GameId "2160767911711825"]
[EventDate "2000.05.20"]
[EventType "swiss"]
[EventRounds "6"]
[EventCountry "CAN"]
[SourceTitle "EXT 2005"]
[Source "ChessBase"]
[SourceDate "2004.11.15"]
[SourceVersion "1"]
[SourceVersionDate "2004.11.15"]
[SourceQuality "1"]

1. d4 Nf6 2. c4 g6 3. Nc3 Bg7 4. e4 d6 5. Be2 Nbd7 6. Nf3 O-O 7. Qc2 e5 8. d5 a5 9. Bg5 h6 10. Bh4 g5 11. Bg3 Nh5 12. Nd2 Nf4 13. Bf1 Nc5 14. f3 f5 15. Bf2 b6 16. g3 Ng6 17. Bxc5 bxc5 18. exf5 Bxf5 19. Bd3 Ne7 20. O-O Bxd3 21. Qxd3 Nf5 22. Nce4 Nd4 23. Kg2 Qd7 24. b3 Rfb8 25. Rab1 Rb7 26. Nc3 Rf8 27. Nce4 Rfb8 28. g4 Rf8 29. Ng3 Rbb8 30. Nh5 Rf7 31. h3 Rbf8 32. Qg6 Ne2 33. Rf2 Nf4+ 34. Nxf4 exf4 35. Ne4 Re7 36. Re2 Re5 37. Rbe1 Qf7 38. Qxf7+ Kxf7 39. h4 Kg6 40. hxg5 hxg5 41. Rh1 Ree8 42. Kf1 Rh8 43. Reh2 Rxh2 44. Rxh2 Ra8 45. Rh5 Bf6 46. Nxf6 Kxf6 47. Rh6+ Kg7 48. Rh5 Kg6 49. Rh2 a4 50. Rb2 Kf6 51. Ke2 axb3 52. axb3 Re8+ 53. Kf2 Re3 54. b4 cxb4 55. Rxb4 Rc3 56. Ke2 Ke5 57. Rb8 Kd4 58. Rg8 Rc2+ 59. Kd1 Rxc4 60. Rxg5 Ke3 61. Rg7 Kxf3 62. g5 Rd4+ 63. Ke1 Rxd5 64. g6 Re5+ 65. Kf1 Rh5 66. Ke1 Rg5 67. Rg8 c5 68. g7 d5 69. Rd8 Rxg7 70. Rxd5 Rc7 71. Rd3+ 0-1

[Event "Manitoba op"]
[Site "Winnipeg CAN"]
[Date "2000.05.22"]
[Round "5"]
[White "Lafreniere, Adrian"]
[Black "Khedkar, Jay S"]
[Result "0-1"]
[WhiteElo "1681"]
[BlackElo "1939"]
[PlyCount "122"]
[GameId "2160767911711826"]
[EventDate "2000.05.20"]
[EventType "swiss"]
[EventRounds "6"]
[EventCountry "CAN"]
[SourceTitle "EXT 2005"]
[Source "ChessBase"]
[SourceDate "2004.11.15"]
[SourceVersion "1"]
[SourceVersionDate "2004.11.15"]
[SourceQuality "1"]

1. e4 c5 2. Nf3 Nc6 3. d4 cxd4 4. Nxd4 Nf6 5. Nc3 d6 6. Be2 e6 7. O-O Qc7 8. Ndb5 Qb8 9. Bf4 Ne5 10. Be3 a6 11. Nd4 Qc7 12. f4 Nc4 13. Bxc4 Qxc4 14. Qd3 Qc7 15. h3 b5 16. a3 Bb7 17. f5 e5 18. Nde2 Qc6 19. Ng3 Rd8 20. Bg5 Rd7 21. Bxf6 gxf6 22. Nh5 Be7 23. Qg3 Qc5+ 24. Kh1 d5 25. Qg7 Rf8 26. exd5 Bxd5 27. Nxd5 Rxd5 28. Nxf6+ Bxf6 29. Qxf6 Rd6 30. Qg5 f6 31. Qh5+ Rf7 32. Rad1 Ke7 33. Qf3 Rxd1 34. Qxd1 Rf8 35. Qd2 Rd8 36. Qf2 Qxf2 37. Rxf2 Rd1+ 38. Kh2 Kd6 39. g4 h6 40. Kg3 Kd5 41. Re2 Kd4 42. Kf3 Rf1+ 43. Kg2 Rf4 44. Kg3 Rf1 45. Rd2+ Ke3 46. Rd6 e4 47. Rxf6 Rf3+ 48. Kh4 Kf2 49. Rxh6 e3 50. Re6 e2 51. Rxe2+ Kxe2 52. Kg5 Rxh3 53. Kg6 Kf3 54. g5 Kg4 55. f6 Rh5 56. f7 Rxg5+ 57. Kf6 Rf5+ 58. Ke7 Kf4 59. f8=Q Rxf8 60. Kxf8 Ke3 61. Ke7 Kd2 0-1

[Event "Manitoba op"]
[Site "Winnipeg CAN"]
[Date "2000.05.22"]
[Round "5"]
[White "Lipnowski, Samuel"]
[Black "Sitter, Wayne"]
[Result "1-0"]
[WhiteElo "2027"]
[BlackElo "1612"]
[PlyCount "81"]
[GameId "2160767911711827"]
[EventDate "2000.05.20"]
[EventType "swiss"]
[EventRounds "6"]
[EventCountry "CAN"]
[SourceTitle "EXT 2005"]
[Source "ChessBase"]
[SourceDate "2004.11.15"]
[SourceVersion "1"]
[SourceVersionDate "2004.11.15"]
[SourceQuality "1"]

1. e4 g6 2. d4 d6 3. Be3 Bg7 4. h3 Nc6 5. Nf3 e5 6. c3 Nf6 7. Bd3 Bd7 8. Nbd2 O-O 9. O-O Re8 10. Qb3 Qc8 11. Ng5 Re7 12. d5 Na5 13. Qc2 b6 14. b4 Nb7 15. c4 h6 16. Ngf3 Bxh3 17. gxh3 Qxh3 18. Rfe1 g5 19. Bf1 Qg4+ 20. Bg2 Rae8 21. c5 Nh5 22. Nh2 Qc8 23. c6 Nd8 24. Bf3 Nf4 25. Bg4 Qb8 26. b5 f6 27. Ndf1 Kf7 28. Ng3 Rh8 29. Bxf4 exf4 30. Bh5+ Kf8 31. Nf5 Re5 32. Ng4 Nf7 33. Bxf7 h5 34. Nxe5 fxe5 35. Be6 Qd8 36. a4 h4 37. Qe2 h3 38. Kh2 Qf6 39. Qg4 Bh6 40. Nxd6 cxd6 41. c7 1-0

[Event "Manitoba op"]
[Site "Winnipeg CAN"]
[Date "2000.05.22"]
[Round "5"]
[White "Mundwiler, Les"]
[Black "Sadov, Sergey"]
[Result "0-1"]
[WhiteElo "2060"]
[BlackElo "2070"]
[PlyCount "86"]
[GameId "2160767911711828"]
[EventDate "2000.05.20"]
[EventType "swiss"]
[EventRounds "6"]
[EventCountry "CAN"]
[SourceTitle "EXT 2005"]
[Source "ChessBase"]
[SourceDate "2004.11.15"]
[SourceVersion "1"]
[SourceVersionDate "2004.11.15"]
[SourceQuality "1"]

1. Nf3 Nf6 2. d3 c5 3. g3 b5 4. Bg2 Bb7 5. O-O g6 6. a4 bxa4 7. Rxa4 Bc6 8. Ra1 Bg7 9. Nbd2 d6 10. Nb3 a5 11. e4 a4 12. Nbd2 O-O 13. Re1 Nfd7 14. c3 Bb5 15. d4 Nb6 16. b3 Qc7 17. Bb2 N8d7 18. Qb1 c4 19. b4 Ra7 20. Ra3 Qb8 21. Qc2 e5 22. d5 Nf6 23. Nh4 Ng4 24. h3 Nh6 25. Nf1 Kh8 26. Bc1 f5 27. Bxh6 Bxh6 28. Nh2 Raf7 29. exf5 gxf5 30. Qd1 Rf6 31. g4 Bd7 32. gxf5 Bxf5 33. Nxf5 Rxf5 34. Ng4 Bf4 35. Ra2 Qd8 36. Ne3 Rg5 37. h4 Rg7 38. Qh5 Rfg8 39. Kh1 Qd7 40. Qf3 Qd8 41. Qh3 Bxe3 42. fxe3 Rg4 43. Kg1 Nxd5 0-1

[Event "Manitoba op"]
[Site "Winnipeg CAN"]
[Date "2000.05.22"]
[Round "5"]
[White "Walker, Erin"]
[Black "Schulz, Waldemar"]
[Result "0-1"]
[WhiteElo "1744"]
[BlackElo "2042"]
[PlyCount "78"]
[GameId "2160767911711829"]
[EventDate "2000.05.20"]
[EventType "swiss"]
[EventRounds "6"]
[EventCountry "CAN"]
[SourceTitle "EXT 2005"]
[Source "ChessBase"]
[SourceDate "2004.11.15"]
[SourceVersion "1"]
[SourceVersionDate "2004.11.15"]
[SourceQuality "1"]

1. e4 c5 2. c3 Nf6 3. e5 Nd5 4. d4 cxd4 5. cxd4 e6 6. Nf3 Nc6 7. Bc4 Nb6 8. Bb3 d6 9. O-O Be7 10. Nc3 O-O 11. Bf4 dxe5 12. dxe5 Nd7 13. Nb5 Qa5 14. Qe2 Nc5 15. Bd2 Qb6 16. Be3 Qa5 17. Bd2 Qb6 18. Be3 Qa5 19. Bc2 Rd8 20. a3 a6 21. b4 Qxb5 22. Qxb5 axb5 23. bxc5 Bd7 24. Rad1 Be8 25. Rxd8 Rxd8 26. Rd1 Ra8 27. Ra1 Nb4 28. Ne1 Bc6 29. Bb1 Na6 30. Nd3 Rd8 31. Bc2 Rd5 32. Rd1 g6 33. f4 Nxc5 34. Nxc5 Bxc5 35. Bxc5 Rxc5 36. Rd8+ Kg7 37. Bd1 Rc3 38. Ra8 Rc1 39. Rd8 b4 0-1

[Event "Manitoba op"]
[Site "Winnipeg CAN"]
[Date "2000.05.22"]
[Round "6"]
[White "Federkevic, Danny"]
[Black "Gentes, Kevin"]
[Result "1/2-1/2"]
[WhiteElo "2002"]
[BlackElo "2330"]
[PlyCount "26"]
[GameId "2160767911711830"]
[EventDate "2000.05.20"]
[EventType "swiss"]
[EventRounds "6"]
[EventCountry "CAN"]

1. e4 e5 2. Nf3 Nc6 3. Bb5 Bc5 4. c3 Nge7 5. O-O Bb6 6. d4 exd4 7. cxd4 d5 8. exd5 Nxd5 9. Re1+ Be6 10. Ne5 O-O 11. Nxc6 bxc6 12. Bxc6 Rb8 13. Nc3 Nb4 1/2-1/2

[Event "Manitoba op"]
[Site "Winnipeg CAN"]
[Date "2000.05.22"]
[Round "6"]
[White "Gannon, Keith"]
[Black "Kaptsan, Aron"]
[Result "0-1"]
[WhiteElo "1594"]
[BlackElo "2090"]
[PlyCount "84"]
[GameId "2160767911711831"]
[EventDate "2000.05.20"]
[EventType "swiss"]
[EventRounds "6"]
[EventCountry "CAN"]
[SourceTitle "EXT 2005"]
[Source "ChessBase"]
[SourceDate "2004.11.15"]
[SourceVersion "1"]
[SourceVersionDate "2004.11.15"]
[SourceQuality "1"]

1. e4 c5 2. Nf3 d6 3. d4 cxd4 4. Nxd4 Nf6 5. Nc3 g6 6. Be2 Bg7 7. O-O a6 8. Re1 b5 9. a3 Bb7 10. Bf3 Nbd7 11. Nd5 Ne5 12. Nxf6+ Bxf6 13. c3 Bg7 14. Bd2 O-O 15. Rb1 Qa5 16. Qe2 Rac8 17. Red1 Qa4 18. Bg5 Rfe8 19. Re1 Qc4 20. Qxc4 Nxc4 21. Bg4 e6 22. Nf3 f5 23. exf5 exf5 24. Rxe8+ Rxe8 25. Bh3 Re2 26. Bf4 Be5 27. Nxe5 dxe5 28. Kf1 Rc2 29. Bc1 Be4 30. b3 Rxc3 31. Ra1 Rxb3 32. f3 Bd3+ 33. Ke1 Kf7 34. g4 Ke6 35. Bf1 Bxf1 36. gxf5+ gxf5 37. Kxf1 Rxf3+ 38. Ke2 Rh3 39. a4 b4 40. a5 Rxh2+ 41. Kd3 Kd5 42. Bg5 e4# 0-1

[Event "Manitoba op"]
[Site "Winnipeg CAN"]
[Date "2000.05.22"]
[Round "6"]
[White "Gibbons, Michael"]
[Black "Sadov, Sergey"]
[Result "0-1"]
[WhiteElo "2096"]
[BlackElo "2070"]
[PlyCount "73"]
[GameId "2160767911711832"]
[EventDate "2000.05.20"]
[EventType "swiss"]
[EventRounds "6"]
[EventCountry "CAN"]
[SourceTitle "EXT 2005"]
[Source "ChessBase"]
[SourceDate "2004.11.15"]
[SourceVersion "1"]
[SourceVersionDate "2004.11.15"]
[SourceQuality "1"]

1. Nf3 Nf6 2. g3 b5 3. Bg2 Bb7 4. O-O g6 5. d3 Bg7 6. e4 d6 7. Nbd2 O-O 8. Re1 c5 9. a4 bxa4 10. Rxa4 Nfd7 11. b3 Nc6 12. Nc4 Nb6 13. Nxb6 axb6 14. Rxa8 Qxa8 15. Bd2 b5 16. Qc1 Rd8 17. c3 Qa2 18. b4 cxb4 19. cxb4 Rc8 20. Qb1 Qxb1 21. Rxb1 Nd4 22. Nxd4 Bxd4 23. Be3 Bxe3 24. fxe3 Rc2 25. Rb3 Kf8 26. Bh3 Ke8 27. Rb1 Kd8 28. Bf1 Kc7 29. h3 Kb6 30. g4 g5 31. Rb3 f6 32. Bg2 e6 33. Kh2 d5 34. Kg3 e5 35. Bf3 d4 36. exd4 exd4 37. Bg2 0-1

[Event "Manitoba op"]
[Site "Winnipeg CAN"]
[Date "2000.05.22"]
[Round "6"]
[White "Khedkar, Jay S"]
[Black "Lipnowski, Samuel"]
[Result "1/2-1/2"]
[WhiteElo "1939"]
[BlackElo "2027"]
[PlyCount "69"]
[GameId "2160767911711833"]
[EventDate "2000.05.20"]
[EventType "swiss"]
[EventRounds "6"]
[EventCountry "CAN"]
[SourceTitle "EXT 2005"]
[Source "ChessBase"]
[SourceDate "2004.11.15"]
[SourceVersion "1"]
[SourceVersionDate "2004.11.15"]
[SourceQuality "1"]

1. e4 c5 2. Nf3 e6 3. d4 cxd4 4. Nxd4 a6 5. Bd3 Nf6 6. O-O Qc7 7. c4 Nc6 8. Nxc6 bxc6 9. Qe2 d6 10. Nc3 Be7 11. Bg5 O-O 12. Rac1 Rb8 13. b3 Re8 14. f4 Nd7 15. Bxe7 Rxe7 16. Kh1 a5 17. Qf2 e5 18. Qh4 Re8 19. f5 Qd8 20. Qg3 Nf6 21. Rfd1 Qe7 22. Be2 Bb7 23. Bf3 Rbd8 24. Rd3 d5 25. cxd5 cxd5 26. exd5 e4 27. Re1 Qb4 28. a3 Qxa3 29. Bxe4 Qb4 30. Rde3 Qc5 31. h3 h6 32. Qf3 Rd7 33. Qe2 Red8 34. Qc4 Qb6 35. Bf3 1/2-1/2

[Event "Manitoba op"]
[Site "Winnipeg CAN"]
[Date "2000.05.22"]
[Round "6"]
[White "Lafreniere, Adrian"]
[Black "Mundwiler, Les"]
[Result "0-1"]
[WhiteElo "1681"]
[BlackElo "2060"]
[PlyCount "66"]
[GameId "2160767911711834"]
[EventDate "2000.05.20"]
[EventType "swiss"]
[EventRounds "6"]
[EventCountry "CAN"]
[SourceTitle "EXT 2005"]
[Source "ChessBase"]
[SourceDate "2004.11.15"]
[SourceVersion "1"]
[SourceVersionDate "2004.11.15"]
[SourceQuality "1"]

1. e4 d6 2. d4 g6 3. f4 Bg7 4. Nf3 Bg4 5. Be2 Bxf3 6. Bxf3 c6 7. c4 e6 8. O-O Qb6 9. e5 d5 10. c5 Qd8 11. Nc3 h5 12. b4 Nh6 13. Be3 Nf5 14. Bf2 Nd7 15. Qd2 Bh6 16. g3 Bf8 17. h4 Be7 18. Kg2 Kf8 19. Rh1 Kg7 20. Nd1 a5 21. Ne3 Nxe3+ 22. Bxe3 axb4 23. Qxb4 b6 24. Qc3 bxc5 25. dxc5 Qa5 26. Rhc1 Qxc3 27. Rxc3 Rhb8 28. Rc2 Ra5 29. Rac1 Rba8 30. a4 Rxa4 31. Kf1 Ra1 32. Rxa1 Rxa1+ 33. Ke2 Ra5 0-1

[Event "Manitoba op"]
[Site "Winnipeg CAN"]
[Date "2000.05.22"]
[Round "6"]
[White "Lipnowski, Irwin"]
[Black "Schulz, Waldemar"]
[Result "1-0"]
[WhiteElo "2361"]
[BlackElo "2042"]
[PlyCount "57"]
[GameId "2160767911711835"]
[EventDate "2000.05.20"]
[EventType "swiss"]
[EventRounds "6"]
[EventCountry "CAN"]
[SourceTitle "EXT 2005"]
[Source "ChessBase"]
[SourceDate "2004.11.15"]
[SourceVersion "1"]
[SourceVersionDate "2004.11.15"]
[SourceQuality "1"]

1. e4 c5 2. Nf3 e6 3. c3 Nf6 4. Bd3 Nc6 5. O-O d6 6. Bc2 Be7 7. Re1 e5 8. d3 O-O 9. Nbd2 Ne8 10. d4 cxd4 11. cxd4 exd4 12. Nb3 d3 13. Bxd3 Ne5 14. Bf1 Bg4 15. Be2 Nf6 16. Nfd4 Re8 17. Bxg4 Nexg4 18. Nf5 Bf8 19. f3 Ne5 20. Bg5 h6 21. Bxf6 Qxf6 22. Ne3 Rac8 23. Qe2 Qg6 24. Rad1 Be7 25. Nd4 Bg5 26. Nd5 Nc4 27. Nf5 Kf8 28. Qf2 b6 29. Qd4 1-0

[Event "Manitoba-ch U18"]
[Site "Winnipeg CAN"]
[Date "2000.04.14"]
[Round "2"]
[White "Piche, Jeremie"]
[Black "Lafreniere, Adrian"]
[Result "0-1"]
[WhiteElo "1609"]
[BlackElo "1681"]
[PlyCount "56"]
[GameId "2160767911724676"]
[EventDate "2000.04.14"]
[EventType "swiss"]
[EventRounds "5"]
[EventCountry "CAN"]

1. e4 c5 2. d4 cxd4 3. c3 dxc3 4. Nxc3 Nc6 5. Nf3 e6 6. Bc4 Bc5 7. O-O Nge7 8. Bf4 a6 9. Qe2 O-O 10. Rfd1 f5 11. Bxe6+ Kh8 12. exf5 Nxf5 13. Ne5 Nfd4 14. Qh5 Nxe6 15. Nf7+ Rxf7 16. Qxf7 Qf8 17. Qxf8+ Bxf8 18. Bd6 Bxd6 19. Rxd6 a5 20. Rad1 Ra6 21. Na4 Nb4 22. a3 Nc6 23. Re1 Kg8 24. f4 Kf8 25. f5 Nc7 26. Nc5 Rb6 27. Nxd7+ Kf7 28. Ne5+ Nxe5 0-1

[Event "Manitoba-ch U18"]
[Site "Winnipeg CAN"]
[Date "2000.04.14"]
[Round "3"]
[White "Lafreniere, Adrian"]
[Black "Strub, Michael"]
[Result "1-0"]
[WhiteElo "1681"]
[BlackElo "1892"]
[PlyCount "43"]
[GameId "2160767911724677"]
[EventDate "2000.04.14"]
[EventType "swiss"]
[EventRounds "5"]
[EventCountry "CAN"]

1. d4 d5 2. Bf4 Bf5 3. e3 e6 4. c4 Nd7 5. Nc3 Ngf6 6. Bd3 Bxd3 7. Qxd3 dxc4 8. Qxc4 Nb6 9. Qxc7 Qxc7 10. Bxc7 Nbd5 11. Nxd5 Nxd5 12. Bg3 Bb4+ 13. Ke2 Rc8 14. Kd3 O-O 15. Ne2 Rc6 16. a3 Be7 17. Rac1 Rb6 18. Rc2 Rc6 19. Rhc1 Rfc8 20. Rxc6 Rxc6 21. Rxc6 bxc6 22. Kc4 1-0

[Event "Manitoba-ch U18"]
[Site "Winnipeg CAN"]
[Date "2000.04.14"]
[Round "3"]
[White "Medes, Bartek"]
[Black "Piche, Jeremie"]
[Result "1-0"]
[WhiteElo "1570"]
[BlackElo "1609"]
[PlyCount "99"]
[GameId "2160767911724678"]
[EventDate "2000.04.14"]
[EventType "swiss"]
[EventRounds "5"]
[EventCountry "CAN"]

1. d4 Nf6 2. c4 g6 3. Nc3 Bg7 4. e4 d6 5. Nf3 O-O 6. Be2 e5 7. O-O Nc6 8. d5 Ne7 9. b4 Nd7 10. Bg5 h6 11. Bh4 g5 12. Bg3 f5 13. h3 f4 14. Bh2 Rf6 15. Nd2 Nf8 16. Nb3 Bd7 17. c5 Qc8 18. Na5 Neg6 19. c6 bxc6 20. dxc6 Bxh3 21. gxh3 Qxh3 22. Bg4 Qxc3 23. Qb3+ Qxb3 24. Nxb3 Rb8 25. a3 Ne7 26. Rac1 Ne6 27. Bxe6+ Rxe6 28. Rfd1 Rd8 29. Rc5 h5 30. Ra5 Nxc6 31. Ra6 Ne7 32. Rxa7 c6 33. Nc5 dxc5 34. Rxd8+ Kf7 35. bxc5 Kf6 36. Rad7 g4 37. a4 Ng6 38. Rd6 Bf8 39. Rxe6+ Kxe6 40. a5 Bxc5 41. Kf1 h4 42. a6 g3 43. fxg3 hxg3 44. Bg1 Bxg1 45. Kxg1 Nh4 46. Rh8 Nf3+ 47. Kg2 Ne1+ 48. Kf1 g2+ 49. Kg1 f3 50. Rf8 1-0

[Event "Manitoba-ch U20"]
[Site "Winnipeg CAN"]
[Date "2000.10.28"]
[Round "1"]
[White "Charles, Alice"]
[Black "Medes, Bartek"]
[Result "0-1"]
[WhiteElo "992"]
[BlackElo "1649"]
[PlyCount "90"]
[GameId "2160767911635826"]
[EventDate "2000.10.28"]
[EventType "swiss"]
[EventRounds "4"]
[EventCountry "CAN"]

1. e4 c5 2. Nc3 Nc6 3. Nf3 d6 4. Bc4 Nf6 5. Ng5 e6 6. d4 cxd4 7. Ne2 Nxe4 8. Nxe4 d5 9. Bg5 f6 10. Bd2 dxc4 11. c3 d3 12. N2g3 Qd5 13. Qh5+ Qxh5 14. Nxh5 Be7 15. Nxg7+ Kf7 16. Nh5 Ne5 17. O-O-O Bd7 18. f4 Ng6 19. f5 exf5 20. Nexf6 Bxf6 21. Nxf6 Kxf6 22. h4 Rae8 23. Bg5+ Kg7 24. Rde1 Rxe1+ 25. Rxe1 Re8 26. Rxe8 Bxe8 27. Kd2 h6 28. Bd8 Bc6 29. g3 Ne5 30. h5 Nf3+ 31. Ke3 d2 32. Ke2 Ba4 33. b3 cxb3 34. axb3 Bxb3 35. Kxf3 d1=Q+ 36. Kf4 Qxd8 37. Kxf5 Qg5+ 38. Ke4 Qxg3 39. Kd4 Kf6 40. c4 Qe5+ 41. Kd3 Kf5 42. Kd2 Kf4 43. Kc1 Qc3+ 44. Kb1 Qc2+ 45. Ka1 Qa2# 0-1

[Event "Manitoba-ch U20"]
[Site "Winnipeg CAN"]
[Date "2000.10.28"]
[Round "1"]
[White "Henson, Joshua"]
[Black "Neumann, Jada"]
[Result "1-0"]
[WhiteElo "2125"]
[BlackElo "1067"]
[PlyCount "55"]
[GameId "2160767911635827"]
[EventDate "2000.10.28"]
[EventType "swiss"]
[EventRounds "4"]
[EventCountry "CAN"]

1. d4 Nc6 2. e4 Nf6 3. e5 Nd5 4. Nc3 Nxc3 5. bxc3 d5 6. Bd3 e6 7. f4 f6 8. Qh5+ g6 9. Bxg6+ Kd7 10. Bd3 Qe8 11. Qe2 f5 12. Nf3 a6 13. Bd2 b5 14. a4 Bb7 15. axb5 axb5 16. O-O Rxa1 17. Rxa1 b4 18. cxb4 Bxb4 19. c3 Be7 20. c4 Rg8 21. cxd5 exd5 22. Bxf5+ Kd8 23. Qb5 Bc8 24. Ra8 Ba3 25. Rxc8+ Ke7 26. Rxe8+ Rxe8 27. Qxc6 Rf8 28. Qd7# 1-0

[Event "Manitoba-ch U20"]
[Site "Winnipeg CAN"]
[Date "2000.10.28"]
[Round "1"]
[White "Vincent, Trevor"]
[Black "Charles, Christopher"]
[Result "1-0"]
[WhiteElo "1360"]
[BlackElo "907"]
[PlyCount "63"]
[GameId "2160767911635828"]
[EventDate "2000.10.28"]
[EventType "swiss"]
[EventRounds "4"]
[EventCountry "CAN"]

1. c4 e5 2. Nc3 Nc6 3. g3 Bc5 4. Bg2 Nf6 5. d3 Ng4 6. Ne4 d6 7. Nxc5 dxc5 8. h3 Nh6 9. Bxh6 gxh6 10. a3 O-O 11. Nf3 Nd4 12. Nxd4 cxd4 13. O-O Qf6 14. f4 exf4 15. Rxf4 Qd6 16. Qf1 f5 17. Qf2 c5 18. Bd5+ Be6 19. Bxe6+ Qxe6 20. Rf1 Rab8 21. Rxf5 Rxf5 22. Qxf5 Qxe2 23. Qf7+ Kh8 24. g4 h5 25. Qf4 Rg8 26. g5 h6 27. Qf6+ Rg7 28. g6 Qe3+ 29. Kg2 Qe2+ 30. Kh1 Qxd3 31. Qf8+ Rg8 32. Qxh6# 1-0

[Event "Manitoba-ch U20"]
[Site "Winnipeg CAN"]
[Date "2000.10.28"]
[Round "2"]
[White "Medes, Bartek"]
[Black "Henson, Joshua"]
[Result "0-1"]
[WhiteElo "1649"]
[BlackElo "2125"]
[PlyCount "96"]
[GameId "2160767911635829"]
[EventDate "2000.10.28"]
[EventType "swiss"]
[EventRounds "4"]
[EventCountry "CAN"]

1. d4 c5 2. d5 e5 3. c4 d6 4. Nc3 Nf6 5. e4 Be7 6. f4 exf4 7. Bxf4 O-O 8. Nf3 Nh5 9. Be3 f5 10. Qd2 fxe4 11. Nxe4 Bh4+ 12. Nxh4 Qxh4+ 13. Nf2 Qe7 14. O-O-O Nd7 15. Nd3 Ne5 16. Nxe5 Qxe5 17. Re1 Qf6 18. Bg5 Qg6 19. Bd3 Bf5 20. Re6 Nf6 21. Bxf5 Qxf5 22. Qf4 Nxd5 23. Qxf5 Rxf5 24. cxd5 Rxg5 25. Rxd6 Rxg2 26. Rd7 b6 27. Rc7 Rd8 28. Rd1 Rd6 29. Rc6 Rd7 30. d6 Rg6 31. Rc8+ Kf7 32. Rc7 Ke6 33. Rc6 Ke5 34. Rc7 Rdxd6 35. Rxd6 Kxd6 36. Rxa7 Rg2 37. a4 Kc6 38. a5 bxa5 39. Rxa5 Rxh2 40. Ra8 h5 41. Rc8+ Kd5 42. Rd8+ Kc4 43. Rh8 g5 44. Re8 h4 45. Re4+ Kd3 46. Re1 Rg2 47. b3 h3 48. b4 cxb4 0-1

[Event "Manitoba-ch U20"]
[Site "Winnipeg CAN"]
[Date "2000.10.28"]
[Round "2"]
[White "Neumann, Jada"]
[Black "Vincent, Trevor"]
[Result "0-1"]
[WhiteElo "1067"]
[BlackElo "1360"]
[PlyCount "88"]
[GameId "2160767911635830"]
[EventDate "2000.10.28"]
[EventType "swiss"]
[EventRounds "4"]
[EventCountry "CAN"]

1. e4 g6 2. d4 Bg7 3. Nf3 d6 4. Be3 c6 5. Be2 Nd7 6. Nc3 Ngf6 7. e5 Ng4 8. Bf4 dxe5 9. dxe5 Qb6 10. Qd4 Qxd4 11. Nxd4 Ngxe5 12. Bxe5 Nxe5 13. Nf3 Nxf3+ 14. Bxf3 O-O 15. O-O Bf5 16. Rfe1 Rfe8 17. Be4 Bxe4 18. Rxe4 Rad8 19. Rd1 Rxd1+ 20. Nxd1 Rd8 21. Re1 e6 22. c4 Rd2 23. b4 Rxa2 24. c5 Ra1 25. Kf1 Ra4 26. Re4 a5 27. Nb2 Bxb2 28. Ke2 Rxb4 29. Rxb4 axb4 30. Kd2 Bd4 31. Kc2 Bxf2 32. Kb3 Bxc5 33. Kc4 b5+ 34. Kb3 e5 35. Kc2 e4 36. Kd2 e3+ 37. Kd1 b3 38. Kc1 e2 39. Kd2 b2 40. Kxe2 b1=Q 41. Kd2 Qa2+ 42. Kc3 b4+ 43. Kd3 b3 44. Kc3 Qc2# 0-1

[Event "Manitoba-ch U20"]
[Site "Winnipeg CAN"]
[Date "2000.10.28"]
[Round "3"]
[White "Henson, Joshua"]
[Black "Vincent, Trevor"]
[Result "1/2-1/2"]
[WhiteElo "2125"]
[BlackElo "1360"]
[PlyCount "66"]
[GameId "2160767911635831"]
[EventDate "2000.10.28"]
[EventType "swiss"]
[EventRounds "4"]
[EventCountry "CAN"]

1. e4 g6 2. d4 Bg7 3. Nc3 d6 4. Be3 Nd7 5. Qd2 c6 6. f4 Qc7 7. Nf3 a6 8. Bd3 Ngf6 9. h3 c5 10. e5 Ng8 11. Nd5 Qd8 12. O-O e6 13. Nc3 cxd4 14. Bxd4 d5 15. b4 b5 16. a4 bxa4 17. Nxa4 Ne7 18. Nc5 Nxc5 19. Bxc5 Bb7 20. Nd4 Qc7 21. Nb3 O-O 22. Qe2 Rfe8 23. Bxa6 Bxa6 24. Rxa6 Nf5 25. Rfa1 Rxa6 26. Rxa6 Qd8 27. g4 Ng3 28. Qb5 Bf8 29. Bxf8 Rxf8 30. Nd2 Qh4 31. Kg2 Rc8 32. Rc6 Rxc6 33. Qxc6 Ne2 1/2-1/2